A primer of psychophysiology /

Saved in:
Bibliographic Details
Main Author: Hassett, James
Format: Book
Language:English
Published: San Francisco : W. H. Freeman, c1978.
Series:A Series of books in psychology
Subjects:
LEADER 01043nam a2200289 a 4500
001 c000377756
003 CARM
005 00000000000000.0
008 771005s1978 caua b 00110 eng
019 1 |a 1040331  |5 LACONCORD2021 
020 |a 0716700387.  |a 0716700379 (pbk.) 
035 |a (OCoLC)3379973  |5 LACONCORD2021 
050 0 0 |a QP360  |b .H35 
060 0 0 |a WL102 H355p 
100 1 |a Hassett, James. 
245 1 2 |a A primer of psychophysiology /  |c James Hassett ; with a foreword by Gary E. Schwartz. 
260 |a San Francisco :  |b W. H. Freeman,  |c c1978. 
300 |a xvi, 215 p. :  |b ill. ;  |c 25 cm. 
490 0 |a A Series of books in psychology 
500 |a Includes indexes. 
504 |a Bibliography: p. 185-203. 
650 0 |a Psychophysiology. 
650 2 |a Psychophysiology. 
852 8 |b CARM  |h A1:AN33B0  |i B08972  |p 0420932  |f BK 
082 0 4 |a 612/.8 
999 f f |i 1ba23f85-0694-5e07-a921-d410003c7764  |s f5b2ce4e-bfe3-573c-b269-45ced6f669c7 
952 f f |p Can circulate  |a CAVAL  |b CAVAL  |c CAVAL  |d CARM 1 Store  |e B08972  |f A1:AN33B0  |h Other scheme  |i book  |m 0420932